Traja mušketieri

Bibliographic Details
Main Author: Dumas, Alexandre, 1802-1870 (Author)
Other Authors: Turcerová-Devečková, Helena, 1886-1964 (Translator), Kostolný, Andrej, 1903-1984 (Translator)
Format: Book
Language:Slovak
French
PhysicalDescription:766 s. 16 cm
Published: Bratislava Slovart 2014
ISBN:9788055611181
Series:Svetová klasika
Subjects:

MARC

LEADER 00000cam a2200000 a 4500
001 vtls010628524
003 SK-MaSNL
005 20260302050825.0
008 240318s2014 xo g 000 f slo
015 |a SNBA2015/01 
020 |a 9788055611181  |q (viaz.) 
035 |a BDF8C9D2-79F5-49F6-AB39-3F583453E866 
035 |a urn:nbn:sk:snk-amkd0n 
035 |a urn:nbn:sk:snk-am008im0 
040 |a SNK  |b slo  |c SNK  |e AACR2 
041 1 |a slo  |h fre 
044 |a xo  |c SK 
072 7 |a 821.133.1-3  |x Francúzska próza, francúzsky písaná  |2 konspekt 
080 |a 821.133.1-31  |2 2001 
080 |a (0:82-311.6)  |2 2001 
080 |a (0:82-311.3)  |2 2001 
100 1 |a Dumas, Alexandre,  |d 1802-1870  |4 aut  |9 209232 
240 1 4 |a Les trois mousquetaires  |l Slovensky 
245 1 0 |a Traja mušketieri  |c Alexandre Dumas ; z francúzskeho originálu preložili Helena Turcerová-Devečková a Andrej Kostolný 
260 |a Bratislava  |b Slovart  |c 2014 
300 |a 766 s.  |c 16 cm 
490 1 |a Svetová klasika 
655 7 |a francúzske romány  |2 SNKPH  |9 70252 
655 7 |a historické romány  |2 SNKPH  |9 70253 
655 7 |a dobrodružné romány  |2 SNKPH  |9 70486 
655 7 |a French fiction  |2 SNKPHeng  |9 276886 
655 7 |a Historical novels  |2 SNKPHeng  |9 276887 
655 7 |a Adventure novels  |2 SNKPHeng  |9 278333 
700 1 |a Turcerová-Devečková, Helena,  |d 1886-1964  |4 trl  |9 61211 
700 1 |a Kostolný, Andrej,  |d 1903-1984  |4 trl  |9 107345 
830 0 |a Svetová klasika  |9 413528 
919 |a 978-80-556-1118-1 
958 |a UP 
958 |a LX 
968 |b FR 
999 |c 1098560  |d 1100490 
952 |a SNK  |b SNK  |y PREZ  |7 0  |p 17A1133954  |o snkSD 83785  |i snk2015/93  |8 0  |0 0  |1 0  |4 0  |d 2015-01-07  |f 1  |l 0  |r 2017-06-30 00:00:00  |w 2026-02-24 
952 |a SNK  |b SNK  |y VYP  |7 0  |p 17A1133955  |o snkSD 83785 D1  |i snk2015/94  |8 0  |0 0  |1 0  |4 0  |d 2015-01-07  |l 0  |r 2017-06-30 00:00:00  |w 2026-02-24